| 000 | 01475cam a2200241 4500 | ||
|---|---|---|---|
| 001 | ##L133692 | ||
| 008 | 060602n2006 000 0 eng u | ||
| 035 | _a(Sirsi) u133692 | ||
| 041 | 0 | _aeng | |
| 050 | 0 | 4 | _a711.76 $2 18 |
| 110 | 1 |
_aUnited Kingdom _bDepartment of Transport _94934 |
|
| 245 | 0 | 0 |
_aPorts policy _byour views invited _bDfT's discussion document for the ports policy review |
| 260 |
_aLondon _bDepartment of Transport _c2006 |
||
| 300 | _a106p. | ||
| 520 | _aThis consultation document invites the views of the public on the future of the ports industry in England, Wales and Northern Ireland. Key issues addressed include the likely future demand for port capacity, how to ensure that meeting that demand reflects the objectives of sustainable development, how far the government should reflect regional development objectives in encouraging the provision of future ports capacity, and how the government can help smaller ports to realise their full potential, both as businesses and for the benefit of their wider communities. The consultation period ends on 1 September 2006. | ||
| 590 | _aIKA060606 | ||
| 651 | 4 |
_aEngland _y886- |
|
| 651 | 4 |
_aWales _y1998-2007 |
|
| 651 | 4 | _aNORTHERN IRELAND | |
| 690 | _aPROPERTY-INFRASTRUCTURE-WATER TRANSPORT AND PROTECTION INFRASTRUCTURE | ||
| 856 | 4 | 1 |
_uhttps://www.dft.gov.uk/stellent/groups/dft_shipping/documents/divisionhomepage/611692.hcsp _zView the item free of charge at www.dft.gov.uk... |
| 942 | _n0 | ||
| 999 |
_c105451 _d105451 |
||